000 00488nam a2200181Ia 4500
003 IN-BaIIA
008 211028s9999 xx 000 0 eng d
020 _a978-0-521-88201-9
040 _cIIA Library
080 _a523.947
_bGOL
100 _aGolub, Leon P
_933510
245 4 _aThe solar corona
_cGolub and Jay M Pasachoff
250 _a2nd ed.
260 _aCambridge
_bCambridge University Press
_c2010
300 _axiv, 390p.
700 _aPasachoff, Jay M
_910920
942 _cBK
999 _c17689
_d17689